000 00204 a2200097 4500
001 20486
100 _a
245 _aBasic Electrical Engineering
260 _a
_bMir Publishers
_c
090 _c14891
_d14891
942 _aNUST-CAE
_cM
_c5437
999 _c255559
_d255559